Normal view
MARC view
Entry Personal Name
001 - CONTROL NUMBER
- control field: 1237218
003 - CONTROL NUMBER IDENTIFIER
- control field: OSt
005 - DATE AND TIME OF LATEST TRANSACTION
- control field: 20260430150339.0
008 - FIXED-LENGTH DATA ELEMENTS
- fixed length control field: 260430|| aca||aabn | a|a d
040 ## - CATALOGING SOURCE
- Original cataloging agency: OSt
- Transcribing agency: OSt
100 ## - HEADING--PERSONAL NAME
- Personal name: Nath Jyoti Prasad Au.; Saxena Geetika Jain Gu.; Sharma Enakshi Khular Gu
670 ## - SOURCE DATA FOUND
- Source citation: Work cat.: (OSt)1849568: Nath Jyoti Prasad Au.; Saxena Geetika Jain Gu.; Sharma Enakshi Khular Gu., Evanescent Coupling Based Multiplexers for Multi-Channel Guided wave Optical Interconnects, 2023
